000
00345nam a2200145Ia 4500
008
181130s2018 xx 000 0 und d
100
_a
Rao, A.V.V.S.K.
245
_a
Ambitious, populist and unprogressive budget
260
_c
2018
300
_a
p.30-35.
504
_d
23-Jun
650
_a
Budget
773
_a
Mainstream
906
_a
Budget
999
_c
506398
_d
506398